00346nam a2200133Ia 4500008004100000020001500041041001200056100001600068245006400084260003600148300000800184650000700192700001300199221030s9999 xx 000 0 und d a8121921916 aEnglish aV. K. Mehta 0aPrinciples of Electrical Machinescby V. K. Mehta, R. Mehta bS. Chand & Co.aNew Delhic2015 a669 aEE aR. Mehta